000 00734nam a2200241 a 4500
001 000014801
005 20240510192657.0
008 100122s2007 dr ab 000 0 spa d
020 _a9993443115
040 _aDO-SdBNP
_bspa
_cBNPHU
082 _a333.7
_bR457a
100 1 _aReyes, Francisco
_933538
245 1 0 _aAmbiental /
_cFrancisco Reyes.
250 _a2 ed.
260 _aSanto Domingo :
_bSecretaría de Estado de Educación,
_c2007.
300 _a97 p. :
_bil. , map ;
_c20 cm.
504 _aIncluye datos bibliográficos (p. 96)
650 4 _aDegradación ambiental
_933539
650 0 _aMedio ambiente
_99250
650 4 _aConservación del medio ambiente
_933540
650 4 _aContaminación
_910807
049 _aBNPD
999 _c14382
_d14382